[Event "Titled Tuesday intern op 02nd Apr Late"]
[Site "Chess.com INT"]
[Date "2024.04.02"]
[Round "7"]
[White "Kubicka, Anna"]
[Black "Dubov, Daniil"]
[Result "0-1"]
[WhiteElo "2292"]
[BlackElo "2707"]
[PlyCount "66"]
[EventDate "2024.04.02"]
[EventType "swiss (blitz)"]
[EventRounds "11"]
[EventCountry "USA"]
[SourceTitle "CB15_2024"]
[SourceDate "2024.04.10"]
[SourceVersion "1"]
[SourceVersionDate "2024.04.10"]
[SourceQuality "1"]

1. e4 Nf6 2. Nc3 e5 3. Nf3 Nc6 4. Bb5 Bc5 5. 0-0 0-0 6. h3 Nd4 7. Bc4 c6 8. a4 d5 9. exd5 cxd5 10. Ba2 Nxf3+ 11. Qxf3 e4 12. Qg3 d4 13. Ne2 d3 14. cxd3 exd3 15. Nf4 Bf5 16. Bc4 Bd6 17. Qh4 Be5 18. Qg5 g6 19. Nxd3 Bh2+ 20. Kxh2 Ng4+ 21. hxg4 Qxg5 22. gxf5 Qh4+ 23. Kg1 Qxc4 24. Ra3 Rfe8 25. f6 Rad8 26. Rc3 Qxa4 27. Nc5 Qc6 28. d3 Qxf6 29. Ne4 Qf5 30. Be3 Rxe4 31. dxe4 Qxe4 32. Bxa7 Qb4 33. Be3 Qxb2 0-1

[Event "Titled Tuesday intern op 02nd Apr Late"]
[Site "Chess.com INT"]
[Date "2024.04.02"]
[Round "9"]
[White "Skotheim, Andreas"]
[Black "Dubov, Daniil"]
[Result "0-1"]
[WhiteElo "2214"]
[BlackElo "2707"]
[PlyCount "50"]
[EventDate "2024.04.02"]
[EventType "swiss (blitz)"]
[EventRounds "11"]
[EventCountry "USA"]
[SourceTitle "CB15_2024"]
[SourceDate "2024.04.10"]
[SourceVersion "1"]
[SourceVersionDate "2024.04.10"]
[SourceQuality "1"]

1. e4 c6 2. d4 d5 3. Nd2 g6 4. Ngf3 Bg7 5. Bd3 Nh6 6. c3 0-0 7. 0-0 f6 8. Re1 Nf7 9. h3 e5 10. dxe5 fxe5 11. Nf1 Nd7 12. Ne3 Nf6 13. Qc2 Nd6 14. Nxe5 Nfxe4 15. f3 Qh4 16. Rf1 Ng3 17. N3g4 Bxg4 18. Nxg4 Nxf1 19. Kxf1 Rae8 20. Bd2 Nf5 21. Be1 Ng3+ 22. Kg1 h5 23. Nh2 Re6 24. Qf2 Rfe8 25. Qxg3 Rxe1+ 0-1

[Event "Shenzhen Longgang 5th"]
[Site "Shenzhen"]
[Date "2024.03.04"]
[Round "4"]
[White "Dubov, Daniil"]
[Black "Yu, Yangyi"]
[Result "1/2-1/2"]
[WhiteElo "2708"]
[BlackElo "2720"]
[PlyCount "60"]
[EventDate "2024.02.29"]
[EventType "tourn"]
[EventRounds "7"]
[EventCountry "CHN"]
[EventCategory "18"]
[SourceTitle "CB11_2024"]
[SourceDate "2024.03.13"]
[SourceVersion "1"]
[SourceVersionDate "2024.03.13"]
[SourceQuality "1"]

1. e4 e5 2. Nf3 Nf6 3. Nxe5 d6 4. Nf3 Nxe4 5. d4 d5 6. Bd3 Nc6 7. 0-0 Be7 8. Re1 Bf5 9. Nbd2 Nxd2 10. Qxd2 Bxd3 11. Qxd3 0-0 12. c3 Qd7 13. Bd2 Rae8 14. Re3 Bf6 15. Rae1 Rxe3 16. Rxe3 Ne7 17. Re1 Ng6 18. Qe2 Rd8 19. g3 h6 20. h4 Qg4 21. Nh2 Qxe2 22. Rxe2 h5 23. Nf3 Be7 24. Ne5 Nxe5 25. Rxe5 Bf6 26. Re2 Kf8 27. Bf4 c6 28. Be5 Bxe5 29. Rxe5 g6 30. Kg2 f6 1/2-1/2

[Event "Chessable Play In Match D3"]
[Site "Chess.com INT"]
[Date "2024.02.01"]
[Round "1.4"]
[White "Dubov, Daniil"]
[Black "Le, Tuan Minh"]
[Result "1-0"]
[WhiteElo "2708"]
[BlackElo "2567"]
[PlyCount "173"]
[EventDate "2024.02.01"]
[EventType "k.o. (rapid)"]
[EventRounds "1"]
[EventCountry "USA"]
[SourceTitle "CB06_2024"]
[SourceDate "2024.02.07"]
[SourceVersion "1"]
[SourceVersionDate "2024.02.07"]
[SourceQuality "1"]

1. g3 d5 2. Bg2 Nf6 3. Nf3 Nbd7 4. 0-0 e5 5. d3 c6 6. a4 a5 7. Nc3 Be7 8. Nd2 0-0 9. e4 dxe4 10. Ncxe4 Nxe4 11. Nxe4 Re8 12. Re1 Bf8 13. Bg5 f6 14. Be3 Nb6 15. d4 Nc4 16. dxe5 Qxd1 17. Raxd1 Nxe5 18. Nd6 Bxd6 19. Rxd6 Bg4 20. Rd4 Nf3+ 21. Bxf3 Bxf3 22. Rd7 b5 23. h3 Rad8 24. Ra7 Ra8 25. Rxa8 Rxa8 26. Bb6 bxa4 27. Re3 Bd5 28. Bc5 Bf7 29. Re4 Re8 30. Rxa4 Re1+ 31. Kh2 Bd5 32. g4 Re2 33. c4 Be4 34. b3 Rb2 35. Ra3 Rb1 36. Kg3 Bc2 37. Rxa5 Rxb3+ 38. Be3 Bd3 39. Ra8+ Kf7 40. Ra7+ Kg8 41. c5 Be4 42. h4 h6 43. g5 hxg5 44. hxg5 fxg5 45. Kg4 Bd5 46. Kxg5 Rb1 47. Bd4 Rg1+ 48. Kf5 Bf3 49. Rc7 Rg2 50. Kf4 Bd5 51. Be3 Rg6 52. Ke5 Re6+ 53. Kf5 Rf6+ 54. Kg5 Be4 55. Re7 Bd5 56. Bd4 Rf7 57. Re8+ Rf8 58. Re1 Rf3 59. Re8+ Rf8 60. Re5 Bf3 61. Re3 Rf7 62. Kg6 Bd5 63. Re2 Rf4 64. Be3 Rf3 65. Rb2 Rf6+ 66. Kg5 Rf3 67. Bd4 Kh7 68. Be5 Be4 69. Kg4 Bd5 70. Rd2 Kg6 71. Rxd5 Rxf2 72. Rd6+ Kf7 73. Rxc6 Rc2 74. Kf5 g6+ 75. Ke4 g5 76. Kd5 g4 77. Rf6+ Ke7 78. Rg6 Rd2+ 79. Bd4 Rg2 80. c6 g3 81. Rg7+ Kf8 82. c7 Rc2 83. Bc5+ Kxg7 84. c8Q g2 85. Qg4+ Kf7 86. Qf5+ Ke8 87. Qe6+ 1-0

[Event "Chessable Masters Play In"]
[Site "Chess.com INT"]
[Date "2024.01.31"]
[Round "6"]
[White "Dubov, Daniil"]
[Black "Christiansen, Johan Sebastian"]
[Result "1-0"]
[WhiteElo "2708"]
[BlackElo "2629"]
[PlyCount "99"]
[EventDate "2024.01.31"]
[EventType "swiss (rapid)"]
[EventRounds "9"]
[EventCountry "USA"]
[SourceTitle "CB06_2024"]
[SourceDate "2024.02.07"]
[SourceVersion "1"]
[SourceVersionDate "2024.02.07"]
[SourceQuality "1"]

1. d4 Nf6 2. Nf3 c5 3. d5 b5 4. c4 g6 5. cxb5 a6 6. b6 d6 7. e4 Nbd7 8. Qc2 Bg7 9. Be2 Rb8 10. Bd2 0-0 11. 0-0 Qxb6 12. Bc3 Ne8 13. Nfd2 Bxc3 14. Nc4 Qc7 15. Qxc3 Nb6 16. Nbd2 Nxc4 17. Bxc4 Qb6 18. b3 Nc7 19. a4 Qb4 20. Qe3 a5 21. Rac1 Ba6 22. h4 Bxc4 23. Rxc4 Qb7 24. Qh6 e6 25. h5 exd5 26. exd5 Nxd5 27. Ne4 f5 28. Nxd6 Qg7 29. Qd2 Nf6 30. hxg6 hxg6 31. Rxc5 Rfd8 32. Qf4 Rb4 33. Qe5 Ne4 34. Qe6+ Kh7 35. Rc6 Nxd6 36. Rxd6 Rxd6 37. Qxd6 Rxb3 38. Re1 Rb7 39. Re3 Qb2 40. Rg3 Rb6 41. Rh3+ Kg7 42. Qe7+ Kg8 43. Qe8+ Kg7 44. Qh8+ Kf7 45. Rh7+ Ke6 46. Qg8+ Kf6 47. Qd8+ Ke5 48. Re7+ Kf4 49. Re1 Qb4 50. Qh4# 1-0

[Event "Titled Tuesday intern op 16th Jan Early"]
[Site "Chess.com INT"]
[Date "2024.01.16"]
[Round "6"]
[White "Dubov, Daniil"]
[Black "Kuzubov, Yuriy"]
[Result "0-1"]
[WhiteElo "2708"]
[BlackElo "2605"]
[PlyCount "124"]
[EventDate "2024.01.16"]
[EventType "swiss (blitz)"]
[EventRounds "11"]
[EventCountry "USA"]
[SourceTitle "CB04_2024"]
[SourceDate "2023.10.16"]
[SourceVersion "1"]
[SourceVersionDate "2023.10.16"]
[SourceQuality "1"]

1. d4 Nf6 2. Nf3 e6 3. Bf4 c5 4. e3 Nc6 5. Nbd2 d5 6. c3 Nh5 7. Bg5 Qb6 8. Rb1 h6 9. Bh4 g5 10. Bg3 Nxg3 11. hxg3 Bg7 12. Bd3 Bd7 13. a3 Rd8 14. g4 cxd4 15. exd4 e5 16. Nxe5 Bxe5 17. dxe5 Nxe5 18. Be2 0-0 19. 0-0 d4 20. Nc4 Nxc4 21. Bxc4 Bc8 22. Qf3 dxc3 23. Qxc3 Bxg4 24. Qg3 Bf5 25. Rbe1 Rfe8 26. Re5 Bg6 27. Rfe1 Rxe5 28. Qxe5 Qd4 29. Qb5 b6 30. Bf1 Qf6 31. Qb4 Kg7 32. g3 a5 33. Qe7 Rd2 34. Qxf6+ Kxf6 35. b3 Bf5 36. Bc4 Rd4 37. Re8 Rd6 38. Rb8 Be6 39. Bxe6 Kxe6 40. Kf1 Kd5 41. Ke2 Kd4 42. Kd2 g4 43. b4 axb4 44. axb4 Kc4+ 45. Ke3 Kxb4 46. Rf8 f6 47. Rh8 f5 48. Rf8 Rd5 49. Rf6 b5 50. Rxh6 Ka3 51. Ra6+ Kb3 52. f3 gxf3 53. Kxf3 b4 54. Kf4 Kc2 55. Rc6+ Kb2 56. Rh6 b3 57. Rh5 Ka3 58. g4 b2 59. Rh3+ Ka2 60. Rh2 fxg4 61. Kxg4 Ka1 62. Rxb2 Kxb2 0-1

[Event "Titled Tuesday intern op 16th Jan Early"]
[Site "Chess.com INT"]
[Date "2024.01.16"]
[Round "3"]
[White "Gabrielian, Artur"]
[Black "Dubov, Daniil"]
[Result "0-1"]
[WhiteElo "2442"]
[BlackElo "2708"]
[PlyCount "52"]
[EventDate "2024.01.16"]
[EventType "swiss (blitz)"]
[EventRounds "11"]
[EventCountry "USA"]
[SourceTitle "CB04_2024"]
[SourceDate "2023.10.16"]
[SourceVersion "1"]
[SourceVersionDate "2023.10.16"]
[SourceQuality "1"]

1. e4 e5 2. Nf3 Nc6 3. Nc3 Nf6 4. Bb5 Bc5 5. Bxc6 dxc6 6. d3 Qe7 7. Qe2 h6 8. h3 a5 9. Be3 Bxe3 10. fxe3 a4 11. a3 c5 12. 0-0 Bd7 13. Nd5 Nxd5 14. exd5 e4 15. Nd2 exd3 16. cxd3 0-0 17. e4 c6 18. dxc6 Bxc6 19. Rae1 Rad8 20. Rf3 Qe5 21. Nc4 Qd4+ 22. Kh2 b5 23. Na5 Ba8 24. Rc1 f5 25. Rxf5 Rxf5 26. exf5 Qf4+ 0-1

[Event "Wch Blitz"]
[Site "Samarkand"]
[Date "2023.12.30"]
[Round "13"]
[White "Dubov, Daniil"]
[Black "Tabatabaei, Mohammad Amin"]
[Result "1-0"]
[WhiteElo "2710"]
[BlackElo "2692"]
[PlyCount "124"]
[EventDate "2023.12.29"]
[EventType "swiss (blitz)"]
[EventRounds "21"]
[EventCountry "UZB"]
[SourceTitle "CB01_2024"]
[SourceDate "2024.01.03"]
[SourceVersion "1"]
[SourceVersionDate "2024.01.03"]
[SourceQuality "1"]

1. d4 Nf6 2. c4 e6 3. Nf3 d5 4. g3 Bb4+ 5. Nbd2 0-0 6. Bg2 dxc4 7. Qc2 a5 8. a3 Bxd2+ 9. Bxd2 b5 10. a4 Bb7 11. axb5 Qd5 12. 0-0 Qxb5 13. Rfc1 Bd5 14. Ne5 Nc6 15. Nxc6 Qxc6 16. f3 Qb6 17. Bc3 c5 18. Rd1 Rfd8 19. dxc5 Qxc5+ 20. Bd4 Qb4 21. Bf1 Qe7 22. e4 e5 23. Bc3 Be6 24. Rxd8+ Qxd8 25. Bxe5 Qb6+ 26. Qf2 Qb5 27. Bc3 Nd7 28. Qd4 f6 29. Qd6 Nf8 30. Rd1 a4 31. Qb4 Qxb4 32. Bxb4 Rb8 33. Bc3 Nd7 34. Rd6 Rb6 35. Rxe6 Rxe6 36. Bxc4 Kf7 37. Kf2 Nb6 38. Bxe6+ Kxe6 39. Ke2 g6 40. Kd3 f5 41. Bd4 Nc8 42. exf5+ gxf5 43. Kc4 Ne7 44. Kb5 Kd5 45. Bf6 Nc8 46. Kxa4 Nd6 47. Kb4 Nc4 48. Kc3 Ne3 49. Kd3 Nc4 50. Bc3 Nd6 51. Ke3 Ke6 52. Kf4 Nc4 53. b4 Nb6 54. Kg5 Nd5 55. Bd2 Nc7 56. Kh6 Nb5 57. Be3 Nd6 58. Kxh7 Kf6 59. Kh6 Nf7+ 60. Kh5 Nd6 61. Bd4+ Ke6 62. Kg6 Kd5 1-0

[Event "Wch Rapid"]
[Site "Samarkand"]
[Date "2023.12.28"]
[Round "11"]
[White "Dubov, Daniil"]
[Black "Quparadze, Giga"]
[Result "1-0"]
[WhiteElo "2710"]
[BlackElo "2491"]
[PlyCount "49"]
[EventDate "2023.12.26"]
[EventType "swiss (rapid)"]
[EventRounds "13"]
[EventCountry "UZB"]
[SourceTitle "CB01_2024"]
[SourceDate "2024.01.03"]
[SourceVersion "1"]
[SourceVersionDate "2024.01.03"]
[SourceQuality "1"]

1. d4 Nf6 2. Nf3 e6 3. c4 Bb4+ 4. Bd2 a5 5. g3 0-0 6. Bg2 d5 7. 0-0 Be7 8. Bf4 c6 9. Nc3 Nbd7 10. Ne5 Nxe5 11. dxe5 Nd7 12. cxd5 exd5 13. e4 dxe4 14. Nxe4 g5 15. Bxg5 Bxg5 16. Qh5 Be7 17. Rad1 f5 18. e6 fxe4 19. Qg4+ Kh8 20. exd7 Rf7 21. Bxe4 Bc5 22. Qh5 Rxd7 23. Rxd7 Qxd7 24. Rd1 Qe7 25. Rd8+ 1-0

[Event "Wch Rapid"]
[Site "Samarkand"]
[Date "2023.12.28"]
[Round "10"]
[White "Shevchenko, Kirill"]
[Black "Dubov, Daniil"]
[Result "1/2-1/2"]
[WhiteElo "2651"]
[BlackElo "2710"]
[PlyCount "67"]
[EventDate "2023.12.26"]
[EventType "swiss (rapid)"]
[EventRounds "13"]
[EventCountry "UZB"]
[SourceTitle "CB01_2024"]
[SourceDate "2024.01.03"]
[SourceVersion "1"]
[SourceVersionDate "2024.01.03"]
[SourceQuality "1"]

1. e4 e5 2. Nf3 Nc6 3. Bb5 a6 4. Bxc6 dxc6 5. 0-0 Bd6 6. d4 exd4 7. Qxd4 f6 8. b3 Ne7 9. Nbd2 Be6 10. Nc4 Bb4 11. Nb6 Qxd4 12. Nxd4 cxb6 13. Nxe6 Kf7 14. Nf4 Rad8 15. Nd3 Bc3 16. Rb1 Rhe8 17. Bf4 Rd7 18. f3 c5 19. Rfd1 Nc6 20. Bd2 Bxd2 21. Rxd2 Red8 22. Rf2 g5 23. Re1 Ne5 24. Nxe5+ fxe5 25. Rfe2 b5 26. Kf2 b4 27. h4 h6 28. hxg5 hxg5 29. Rh1 Kg6 30. g3 Rd1 31. Rxd1 Rxd1 32. Re1 Rd2+ 33. Re2 Rd1 34. Re1 1/2-1/2

[Event "Wch Rapid"]
[Site "Samarkand"]
[Date "2023.12.26"]
[Round "3"]
[White "Dubov, Daniil"]
[Black "Bai, Jinshi"]
[Result "1-0"]
[WhiteElo "2710"]
[BlackElo "2585"]
[PlyCount "37"]
[EventDate "2023.12.26"]
[EventType "swiss (rapid)"]
[EventRounds "13"]
[EventCountry "UZB"]
[SourceTitle "CB01_2024"]
[SourceDate "2024.01.03"]
[SourceVersion "1"]
[SourceVersionDate "2024.01.03"]
[SourceQuality "1"]

1. d4 Nf6 2. Nf3 d5 3. c4 c6 4. Nc3 dxc4 5. a4 Bf5 6. Ne5 e6 7. f3 c5 8. e4 cxd4 9. Bxc4 Bg6 10. Bb5+ Nbd7 11. Bg5 Qc7 12. Bxf6 gxf6 13. Nxd7 0-0-0 14. Qxd4 Rxd7 15. Bxd7+ Qxd7 16. Qxa7 Bd6 17. Qa8+ Bb8 18. Rc1 Kc7 19. Qa5+ 1-0

[Event "Wch Rapid"]
[Site "Samarkand"]
[Date "2023.12.26"]
[Round "4"]
[White "Holt, Conrad"]
[Black "Dubov, Daniil"]
[Result "1/2-1/2"]
[WhiteElo "2540"]
[BlackElo "2710"]
[PlyCount "161"]
[EventDate "2023.12.26"]
[EventType "swiss (rapid)"]
[EventRounds "13"]
[EventCountry "UZB"]
[SourceTitle "CB01_2024"]
[SourceDate "2024.01.03"]
[SourceVersion "1"]
[SourceVersionDate "2024.01.03"]
[SourceQuality "1"]

1. d4 Nf6 2. c4 g6 3. Nc3 Bg7 4. e4 d6 5. Nf3 0-0 6. h3 Re8 7. Bg5 Nc6 8. d5 Nb4 9. a3 Na6 10. Bd3 Nc5 11. 0-0 e6 12. Bc2 h6 13. Be3 exd5 14. exd5 Bd7 15. Re1 a5 16. Qd2 Kh7 17. Bd4 a4 18. Qf4 Kg8 19. g4 Nh7 20. Kg2 Rxe1 21. Rxe1 Bxd4 22. Nxd4 Qf6 23. Qxf6 Nxf6 24. Ndb5 Ne8 25. Kg3 c6 26. Nd4 Nf6 27. dxc6 bxc6 28. f3 Kf8 29. h4 Ra6 30. Kf2 Be8 31. Re2 Nfd7 32. Ne4 Nxe4+ 33. Bxe4 Ne5 34. h5 gxh5 35. gxh5 Rb6 36. Rc2 Bd7 37. f4 Ng4+ 38. Kf3 c5 39. Nb5 Nf6 40. Nc3 Rb3 41. Bd3 Bc6+ 42. Ke3 Nxh5 43. Be4 Bd7 44. Rd2 Ke7 45. Rh2 Nf6 46. Bf3 h5 47. Bd1 Ng4+ 48. Bxg4 Bxg4 49. Ke4 Ke6 50. Ke3 Rb8 51. Nxa4 Kf5 52. Nc3 Re8+ 53. Kf2 Kxf4 54. Rh1 Kg5 55. b4 cxb4 56. axb4 Rc8 57. Ne4+ Kf4 58. Nxd6 Ra8 59. Rf1 Bf3 60. Kg1 Ra2 61. Rf2 Ra7 62. c5 h4 63. b5 h3 64. Kh2 Ra1 65. Kxh3 Rh1+ 66. Rh2 Bg4+ 67. Kg2 Bf3+ 68. Kh3 Rg1 69. Rb2 Rh1+ 70. Rh2 Bg4+ 71. Kg2 Rc1 72. c6 Bf3+ 73. Kf2 Rc2+ 74. Kg1 Rc1+ 75. Kf2 Rc2+ 76. Kg1 Rc1+ 77. Kf2 Rc2+ 78. Kg1 Rc1+ 79. Kf2 Rc2+ 80. Kg1 Rc1+ 81. Kf2 1/2-1/2

[Event "Qingdao SCO Teams 5th"]
[Site "Qingdao"]
[Date "2023.12.18"]
[Round "9.7"]
[White "Dubov, Daniil"]
[Black "Wang, Tongsen"]
[Result "1-0"]
[WhiteElo "2710"]
[BlackElo "2395"]
[PlyCount "151"]
[EventDate "2023.12.17"]
[EventType "team-tourn (rapid)"]
[EventRounds "9"]
[EventCountry "CHN"]
[SourceTitle "CB52_2023"]
[SourceDate "2023.12.27"]
[SourceVersion "1"]
[SourceVersionDate "2023.12.27"]
[SourceQuality "1"]
[WhiteTeam "Russia"]
[BlackTeam "China SCO"]
[WhiteTeamCountry "RUS"]
[BlackTeamCountry "CHN"]

1. d4 d5 2. Nf3 Nf6 3. Bf4 c5 4. e3 Nc6 5. Nbd2 Bg4 6. c3 e6 7. Qa4 Nd7 8. Bb5 Qb6 9. c4 Bxf3 10. Nxf3 dxc4 11. 0-0 Be7 12. Bxc4 0-0 13. d5 exd5 14. Bxd5 Rac8 15. Rfd1 Nf6 16. Bc4 Na5 17. Bf1 Rfd8 18. Ne5 Nh5 19. Rd7 Rxd7 20. Qxd7 Qe6 21. Qxe6 fxe6 22. Bb5 Nxf4 23. exf4 Rd8 24. Bd7 Kf8 25. Bxe6 Rd2 26. b3 Nc6 27. Nc4 Rd4 28. g3 b5 29. Ne3 Bf6 30. Rc1 Rd6 31. Bf5 g6 32. Be4 Bd4 33. Kg2 Nb4 34. a3 Na2 35. Rc2 Nc3 36. Kf3 Ra6 37. a4 bxa4 38. bxa4 Rxa4 39. Bd3 Rb4 40. Nc4 Nd1 41. Ne3 Nc3 42. Nc4 Nd1 43. Be2 Nc3 44. Bf1 Kg7 45. Rc1 Rb1 46. Rxb1 Nxb1 47. Bd3 Nc3 48. Na5 Nd1 49. Nc6 Nb2 50. Bb5 Kf6 51. Nxa7 c4 52. Nc6 Bc5 53. Ne5 Bd4 54. Ke4 c3 55. Bd3 Ba7 56. Bc2 Ke6 57. Ng4 Ke7 58. Ne3 Kd6 59. f5 gxf5+ 60. Nxf5+ Kc5 61. Ne3 Nc4 62. Nd1 Kb4 63. Kd5 h6 64. f4 Bg1 65. f5 Bxh2 66. f6 Bxg3 67. f7 Bd6 68. Ne3 h5 69. Nxc4 Bf8 70. Ne5 Ka3 71. Kc4 Kb2 72. Kd3 h4 73. Nc4+ Kc1 74. Kxc3 h3 75. Ne5 Bg7 76. f8Q 1-0

[Event "Qingdao SCO Teams 5th"]
[Site "Qingdao"]
[Date "2023.12.17"]
[Round "5.13"]
[White "Dubov, Daniil"]
[Black "Khusenkhojaev, Muhammad"]
[Result "1-0"]
[WhiteElo "2710"]
[BlackElo "2366"]
[PlyCount "55"]
[EventDate "2023.12.17"]
[EventType "team-tourn (rapid)"]
[EventRounds "9"]
[EventCountry "CHN"]
[SourceTitle "CB52_2023"]
[SourceDate "2023.12.27"]
[SourceVersion "1"]
[SourceVersionDate "2023.12.27"]
[SourceQuality "1"]
[WhiteTeam "Russia"]
[BlackTeam "Tajikistan"]
[WhiteTeamCountry "RUS"]
[BlackTeamCountry "TJK"]

1. d4 Nf6 2. Bf4 g6 3. Nd2 d5 4. e3 Bg7 5. Ngf3 0-0 6. c3 b6 7. h4 c5 8. Ne5 h5 9. Be2 Nbd7 10. Ndf3 Bb7 11. Ng5 e6 12. g4 cxd4 13. exd4 hxg4 14. Bxg4 Nxe5 15. Bxe5 Nxg4 16. Qxg4 Bxe5 17. dxe5 d4 18. f3 dxc3 19. bxc3 Qd3 20. Kf2 Qxc3 21. Qf4 Rad8 22. h5 f6 23. hxg6 Qb2+ 24. Kg3 fxg5 25. Rh8+ Kxh8 26. g7+ Kxg7 27. Qxg5+ Kf7 28. Qf6+ 1-0

[Event "Qingdao SCO Teams 5th"]
[Site "Qingdao"]
[Date "2023.12.17"]
[Round "2.4"]
[White "Dubov, Daniil"]
[Black "Orozbaev, Eldiar"]
[Result "1-0"]
[WhiteElo "2710"]
[BlackElo "2305"]
[PlyCount "29"]
[EventDate "2023.12.17"]
[EventType "team-tourn (rapid)"]
[EventRounds "9"]
[EventCountry "CHN"]
[SourceTitle "CB52_2023"]
[SourceDate "2023.12.27"]
[SourceVersion "1"]
[SourceVersionDate "2023.12.27"]
[SourceQuality "1"]
[WhiteTeam "Russia"]
[BlackTeam "Kyrgyzstan"]
[WhiteTeamCountry "RUS"]
[BlackTeamCountry "KGZ"]

1. d4 d5 2. Nf3 Nf6 3. Bf4 c5 4. e3 Nc6 5. Nbd2 Bg4 6. c3 e6 7. Qa4 Bd6 8. Ba6 bxa6 9. Qxc6+ Ke7 10. Qb7+ Nd7 11. Bxd6+ Kxd6 12. Ne5 Nxe5 13. dxe5+ Kxe5 14. Qxf7 Bf5 15. g4 1-0

[Event "Qingdao SCO Teams 5th"]
[Site "Qingdao"]
[Date "2023.12.17"]
[Round "3.13"]
[White "Tulendinov, Dinmukhammed"]
[Black "Dubov, Daniil"]
[Result "0-1"]
[WhiteElo "2303"]
[BlackElo "2710"]
[PlyCount "80"]
[EventDate "2023.12.17"]
[EventType "team-tourn (rapid)"]
[EventRounds "9"]
[EventCountry "CHN"]
[SourceTitle "CB52_2023"]
[SourceDate "2023.12.27"]
[SourceVersion "1"]
[SourceVersionDate "2023.12.27"]
[SourceQuality "1"]
[WhiteTeam "Kazakhstan"]
[BlackTeam "Russia"]
[WhiteTeamCountry "KAZ"]
[BlackTeamCountry "RUS"]

1. e4 d5 2. exd5 Qxd5 3. Nc3 Qd6 4. d4 Nf6 5. Nge2 Nc6 6. Bf4 Qd8 7. a3 Be6 8. g3 Qd7 9. Bg2 0-0-0 10. Qd2 Bh3 11. 0-0 Bxg2 12. Kxg2 Nd5 13. Rad1 h5 14. h4 g6 15. b4 Bg7 16. b5 Nxc3 17. Qxc3 Qd5+ 18. Qf3 Qxf3+ 19. Kxf3 Nxd4+ 20. Nxd4 Bxd4 21. Be3 Bxe3 22. fxe3 Rd6 23. Rxd6 cxd6 24. Ke4 f6 25. a4 Kd7 26. c4 Rc8 27. Kd4 f5 28. a5 Rc5 29. Rb1 Re5 30. Rc1 Re4+ 31. Kd3 Rg4 32. c5 dxc5 33. Rxc5 Rxg3 34. b6 axb6 35. axb6 f4 36. Rc7+ Kd6 37. Rxb7 Rxe3+ 38. Kd2 Rb3 39. Rb8 Ke5 40. b7 f3 0-1

[Event "Moscow Dvoretsky Memorial Blitz"]
[Site "Moscow"]
[Date "2023.12.09"]
[Round "1"]
[White "Dubov, Daniil"]
[Black "Dreev, Alexey"]
[Result "1-0"]
[WhiteElo "2710"]
[BlackElo "2606"]
[PlyCount "111"]
[EventDate "2023.12.09"]
[EventType "tourn (blitz)"]
[EventRounds "11"]
[EventCountry "RUS"]
[EventCategory "15"]
[SourceTitle "CB50_2023"]
[SourceDate "2023.12.13"]
[SourceVersion "1"]
[SourceVersionDate "2023.12.13"]
[SourceQuality "1"]

1. d4 d5 2. Nf3 Nf6 3. Bg5 Ne4 4. Bh4 h5 5. h3 f6 6. c4 c6 7. Nc3 g5 8. Bg3 Nxg3 9. fxg3 e6 10. Qc2 f5 11. 0-0-0 Bg7 12. e3 Na6 13. a3 Bd7 14. Bd3 Nc7 15. g4 dxc4 16. Bxc4 Nd5 17. Bxd5 cxd5 18. gxf5 exf5 19. Nxd5 Rc8 20. Nc3 Qe7 21. Ne5 Bxe5 22. dxe5 Qxe5 23. Qb3 Bc6 24. Rd2 Ke7 25. Rhd1 Rhd8 26. Rxd8 Rxd8 27. Rxd8 Kxd8 28. Qg8+ Kc7 29. Qxg5 h4 30. Kd2 Qh2 31. Qe7+ Kc8 32. Qf8+ Kc7 33. Qe7+ Kc8 34. Qxh4 Qxg2+ 35. Kd3 Qxb2 36. Qh8+ Kd7 37. Qg7+ Kd8 38. Qf6+ Ke8 39. Qe6+ Kd8 40. Qd6+ Ke8 41. h4 Qg2 42. Qe5+ Kd8 43. Qxf5 Qh2 44. h5 Be8 45. Qf6+ Kd7 46. h6 Qh5 47. Qg7+ Kc8 48. Kd4 Bf7 49. Qf6 Bg6 50. Qf8+ Kd7 51. Qg7+ Ke6 52. e4 b6 53. Qg8+ Kd7 54. Qd5+ Qxd5+ 55. Nxd5 Kd6 56. Nf6 1-0

[Event "Moscow Dvoretsky Memorial Blitz"]
[Site "Moscow"]
[Date "2023.12.09"]
[Round "9"]
[White "Dubov, Daniil"]
[Black "Potkin, Vladimir"]
[Result "1-0"]
[WhiteElo "2710"]
[BlackElo "2555"]
[PlyCount "62"]
[EventDate "2023.12.09"]
[EventType "tourn (blitz)"]
[EventRounds "11"]
[EventCountry "RUS"]
[EventCategory "15"]
[SourceTitle "CB50_2023"]
[SourceDate "2023.12.13"]
[SourceVersion "1"]
[SourceVersionDate "2023.12.13"]
[SourceQuality "1"]

1. d4 Nf6 2. c4 e6 3. Nf3 d5 4. g3 Bb4+ 5. Nbd2 0-0 6. Bg2 b6 7. 0-0 Bb7 8. Ne5 Qc8 9. cxd5 Bxd5 10. e4 Bb7 11. Qc2 Rd8 12. d5 exd5 13. Nxf7 Kxf7 14. e5 Nbd7 15. exf6 Nxf6 16. Nf3 Re8 17. Bf4 Bd6 18. Ng5+ Kg8 19. Bh3 Qd8 20. Be6+ Kf8 21. Rfe1 Bxf4 22. Nxh7+ Nxh7 23. Qxh7 Rxe6 24. Rxe6 Bd2 25. Rd1 Qg5 26. Rg6 Qe5 27. Rxd2 Qe1+ 28. Kg2 d4+ 29. Kh3 Bc8+ 30. Kh4 Qe7+ 31. Rg5 c5 1-0

[Event "Moscow Dvoretsky Memorial Blitz"]
[Site "Moscow"]
[Date "2023.12.09"]
[Round "11"]
[White "Ponkratov, Pavel"]
[Black "Dubov, Daniil"]
[Result "0-1"]
[WhiteElo "2608"]
[BlackElo "2710"]
[PlyCount "74"]
[EventDate "2023.12.09"]
[EventType "tourn (blitz)"]
[EventRounds "11"]
[EventCountry "RUS"]
[EventCategory "15"]
[SourceTitle "CB50_2023"]
[SourceDate "2023.12.13"]
[SourceVersion "1"]
[SourceVersionDate "2023.12.13"]
[SourceQuality "1"]

1. e4 e5 2. Nf3 Nc6 3. Bc4 Nf6 4. d4 d6 5. dxe5 dxe5 6. Qxd8+ Nxd8 7. Nxe5 Bd6 8. Nd3 Nxe4 9. Nd2 Nxd2 10. Bxd2 Be6 11. Bb3 Bxb3 12. axb3 Ne6 13. Be3 a6 14. 0-0-0 f6 15. f4 f5 16. g4 g6 17. h3 0-0-0 18. Bd2 Rhf8 19. Rde1 Rde8 20. g5 Nd4 21. Kd1 Re4 22. Bc3 Ne6 23. Be5 Nxf4 24. Bxf4 Bxf4 25. Nxf4 Rxf4 26. Re7 Rd8+ 27. Ke2 Rh4 28. Kf3 b6 29. Kg3 Rdd4 30. Rhe1 Rh5 31. Rg7 Rxg5+ 32. Kf3 Rd2 33. c3 Rgg2 34. Rxh7 Rdf2+ 35. Ke3 Rxb2 36. Rd1 Rxb3 37. Rxc7+ Kxc7 0-1

[Event "RUS Cup tt"]
[Site "Sochi"]
[Date "2023.11.27"]
[Round "1.1"]
[White "Dubov, Daniil"]
[Black "Kharchenko, Boris"]
[Result "1-0"]
[WhiteElo "2710"]
[BlackElo "2464"]
[PlyCount "107"]
[EventDate "2023.11.27"]
[EventType "team-swiss"]
[EventRounds "7"]
[EventCountry "RUS"]
[SourceTitle "CB49_2023"]
[SourceDate "2023.12.06"]
[SourceVersion "1"]
[SourceVersionDate "2023.12.06"]
[SourceQuality "1"]
[WhiteTeam "KPRF Club"]
[BlackTeam "Sbornaya LNR"]
[WhiteTeamCountry "RUS"]
[BlackTeamCountry "RUS"]

1. d4 d5 2. c4 c6 3. Nf3 Nf6 4. Nc3 dxc4 5. a4 Bf5 6. Ne5 Nbd7 7. Nxc4 Qc7 8. g3 e5 9. dxe5 Nxe5 10. Bf4 Nfd7 11. Bg2 f6 12. 0-0 Be6 13. Nxe5 Nxe5 14. a5 Be7 15. a6 0-0 16. Qc2 Rac8 17. Be4 h6 18. Rfc1 Bd6 19. Bf5 Bxf5 20. Qxf5 bxa6 21. Qe6+ Kh8 22. Ne4 Bb4 23. Bxe5 Qxe5 24. Qxe5 fxe5 25. Rxa6 Rf7 26. Raxc6 Rxc6 27. Rxc6 Rb7 28. Re6 Rb5 29. Ra6 Rb7 30. Kg2 Kg8 31. Kf3 Kf7 32. h4 Be7 33. h5 Rxb2 34. Rxa7 Ke6 35. e3 Rb4 36. Ra6+ Kf7 37. Rc6 Ra4 38. Rb6 Rc4 39. Rb7 Ke6 40. g4 Ra4 41. Rc7 Rb4 42. Rc6+ Kf7 43. Nd2 Bf6 44. Nc4 Ke7 45. Rc7+ Ke6 46. Ke4 Ra4 47. Rc6+ Kd7 48. Kd5 Ra2 49. Rb6 Rxf2 50. Rb7+ Kd8 51. Ke6 Bg5 52. Nd6 Rf6+ 53. Kd5 Rf1 54. Rxg7 1-0